Достопамятности в мире, или Описание существующих на земле редких произведений природы и искусства, как-то: великолепных или огромных зданий древних и новых времен, гротов, источников, пещер, подземелий, огнедышущих гор, развалин, памятников, воздушных явлений, редких животных, и словом, всего по чему либо достойнаго примечания; (Запись № 6095418)

Подробности
000 -МАРКЕР
контрольное поле 02449nam1a22003011 4500
001 - ИДЕНТИФИКАТОР ЗАПИСИ
контрольное поле v19\rc\2100826
005 - ИДЕНТИФИКАТОР ВЕРСИИ
контрольное поле 20101221103926.1
035 ## - ДРУГИЕ СИСТЕМНЫЕ НОМЕРА
Идентификатор записи (NLR Aleph) 005280712
100 ## - ДАННЫЕ ОБЩЕЙ ОБРАБОТКИ
Данные общей обработки 20090914d1822 |||y0rusy50 ca
101 1# - ЯЗЫК РЕСУРСА
Язык текста, звукозаписи и т.д. русский
Язык оригинала французский
102 ## - СТРАНА ПУБЛИКАЦИИ ИЛИ ПРОИЗВОДСТВА
Страна публикации Российская Федерация
105 ## - ПОЛЕ КОДИРОВАННЫХ ДАННЫХ: ТЕКСТОВЫЕ МАТЕРИАЛЫ, МОНОГРАФИЧЕСКИЕ
Кодированные данные о монографическом текстовом документе z |||||
200 1# - ЗАГЛАВИЕ И СВЕДЕНИЯ ОБ ОТВЕТСТВЕННОСТИ
Основное заглавие Достопамятности в мире, или Описание существующих на земле редких произведений природы и искусства, как-то: великолепных или огромных зданий древних и новых времен, гротов, источников, пещер, подземелий, огнедышущих гор, развалин, памятников, воздушных явлений, редких животных, и словом, всего по чему либо достойнаго примечания;
Сведения, относящиеся к заглавию Сочинение, служащее для забавы и научения юношества обоих полов,
Первые сведения об ответственности изданное г. Пропиаком.
Сведения, относящиеся к заглавию Перевод с французскаго.
Последующие сведения об ответственности С картинами
210 ## - ПУБЛИКАЦИЯ, РАСПРОСТРАНЕНИЕ И ДР.
Место издания, распространения и т.д. Москва
Имя издателя, распространителя и т. д. В типографии С. Селивановскаго
Дата издания, распространения и т.д. 1822
215 ## - ФИЗИЧЕСКАЯ ХАРАКТЕРИСТИКА
Размеры 12° (18 см)
300 ## - ОБЩИЕ ПРИМЕЧАНИЯ
Текст примечания Продолж.: Любопытнейшее в мире, или Книга, содержащая в себе описание изящнейших произведений природы и искусства, рассеянных по всей земле
321 1# - ПРИМЕЧАНИЯ ОБ ОТДЕЛЬНО ИЗДАННЫХ УКАЗАТЕЛЯХ / РЕФЕРАТАХ / ССЫЛКАХ, ОТРАЖАЮЩИХ КАТАЛОГИЗИРУЕМЫЙ ДОКУМЕНТ
Примечания об указателях, рефератах, ссылках СК 1801-1825 2780
517 0# - ДРУГИЕ ВАРИАНТЫ ЗАГЛАВИЯ
Вариант заглавия Описание существующих на земле редких произведений природы и искусства, как-то: великолепных или огромных зданий древних и новых времен гротов, источников, пещер и словом, всего по чему-либо достойного примечания
700 #1 - ИМЯ ЛИЦА - ПЕРВИЧНАЯ ОТВЕТСТВЕННОСТЬ
Начальный элемент ввода Жирар де Пропиак
Часть имени, кроме начального элемента ввода К. Ж. Ф.
Даты 1760-1823
Расширение инициалов личного имени Катрин Жозеф Фердинанд
Код отношения Издатель
790 #1 - ИМЯ ЛИЦА - АЛЬТЕРНАТИВНАЯ ФОРМА
Начальный элемент ввода Пропиак
Часть имени, кроме начального элемента ввода К. Ж. Ф. Ж. де
Даты 1760-1823
Расширение инициалов личного имени Катрин Жозеф Фердинанд Жирар де
801 #0 - ИСТОЧНИК ЗАПИСИ
Страна Российская Федерация
Организация NLR
Дата составления 20090914
Правила каталогизации psbo
801 #1 - ИСТОЧНИК ЗАПИСИ
Страна Российская Федерация
Организация ProSoft-M
Дата составления 20090914
Источник данных rusmarc
801 #2 - ИСТОЧНИК ЗАПИСИ
Страна Российская Федерация
Организация NLR
Дата составления 20101221
Источник данных rusmarc
852 ## - МЕСТОНАХОЖДЕНИЕ И ШИФР ХРАНЕНИЯ
Идентификатор организации NLR
Шифр хранения (Call Number) 18.18.7.37
852 ## - МЕСТОНАХОЖДЕНИЕ И ШИФР ХРАНЕНИЯ
Идентификатор организации NLR
Шифр хранения (Call Number) 137/193
942 ## - ДОПОЛНИТЕЛЬНЫЕ ЭЛЕМЕНТЫ ЗАПИСИ (АБИС)
Тип экземпляра АБИС Книга
980 ## - КОЛЛЕКЦИЯ
Название коллекции Национальная библиография

Нет доступных экземпляров.